000 00603nam a2200205Ia 4500
003 GCL
008 140319s9999 xx 000 0 ara d
040 _aGCL /
_cGCL
082 0 4 _a810.8009
_bا هـ
100 1 _aانتصار منصور العقيل
245 1 0 _aهجرة القوارير /
_cانتصار منصور العقيل
260 _a[S.N] :
_bدائرة الاعلام ،
_c1993
300 _a184 ص
490 _a
650 0 4 _aالادب العربى
650 0 4 _aالعصر الحديث
650 0 4 _aالعصر الحجرى
650 0 4 _aالمجموعات
942 _2ddc
_cBK
999 _c55831
_d55831